Handbook of European history, 1400-1600 : (Registro nro. 27088)

Detalles MARC
000 -LEADER
campo de control de longitud fija 03639cam a22005534i 4500
003 - IDENTIFICADOR DE NÚMERO DE CONTROL
campo de control PE-LiUPU
005 - FECHA Y HORA DE LA ÚLTIMA TRANSACCIÓN
campo de control 20250731184537.0
008 - DATOS DE LONGITUD FIJA--INFORMACIÓN GENERAL
campo de control de longitud fija 180308s1995 ne 0 r0 001 0 eng d
020 ## - NÚMERO INTERNACIONAL ESTÁNDAR DEL LIBRO
Número Internacional Estándar del Libro 9789004097605
035 ## - NÚMERO DE CONTROL DEL SISTEMA
Número de control de sistema (Sirsi) a241461
040 ## - FUENTE DE CATALOGACIÓN
Centro catalogador/agencia de origen PE-LiUPU
Lengua de catalogación spa
Centro/agencia transcriptor PE-LiUPU
Normas de descripción rda
049 ## - FONDOS LOCALES (OCLC)
Biblioteca depositaria PRUA
082 04 - NÚMERO DE LA CLASIFICACIÓN DECIMAL DEWEY
Número de clasificación 940.2
Cutter H2
Número de edición 23
245 00 - MENCIÓN DEL TÍTULO
Título Handbook of European history, 1400-1600 :
Resto del título late Middle Ages, Renaissance and Reformation /
Mención de responsabilidad, etc. edited by Thomas A. Brady, Jr. Heiko A. Oberman, James D. Tracy.
264 #1 - PRODUCCIÓN, PUBLICACIÓN, DISTRIBUCIÓN, FABRICACIÓN Y COPYRIGHT
Producción, publicación, distribución, fabricación y copyright New York :
Nombre del de productor, editor, distribuidor, fabricante Brill,
Fecha de producción, publicación, distribución, fabricación o copyright 1995.
300 ## - DESCRIPCIÓN FÍSICA
Extensión XXIV, 709 páginas ;
Dimensiones 25 centímetros
336 ## - TIPO DE CONTENIDO
Término de tipo de contenido text
Fuente rdacontent
337 ## - TIPO DE MEDIO
Nombre/término del tipo de medio unmediated
Fuente rdamedia
338 ## - TIPO DE SOPORTE
Nombre/término del tipo de soporte volume
Fuente rdacarrier
504 ## - NOTA DE BIBLIOGRAFÍA, ETC.
Nota de bibliografía, etc. Indice : páginas 611-709.
505 0# - NOTA DE CONTENIDO CON FORMATO
Nota de contenido con formato Structures and assertions -- Population -- Family, household, and community -- The world of the village -- Economic cycles and structural changes -- Patterns of trade, money, and credit -- Urban communities : the rulers and the ruled -- Elements of popular belief -- Aliens within : the Jews and antijudaism -- The church in the fifteenth century -- The Italian states in the "long sixteenth century" -- France from Charles VII to Henry IV -- England under the Tudors -- The Habsburg lands : Iberia -- The Burgundian-Habsburg Netherlands -- The art of war -- Taxation and state debt -- The Ottomans and Europe -- The seaborne empires -- The coinages of Renaissance Europe, ca. 1500 -- Visions, programs, and outcomes. Ideas of reformatio and renovatio from the Middle Ages to the Reformation -- Visions of order in the Canonists and civilians -- Voices of reform from Hus to Erasmus -- The humanist movement -- Luther's Reformation -- The popular reformation -- The urban reformation in the Holy Roman Empire -- International Calvinism -- The radical reformation -- The new religious orders, 1517-1648 -- Catholic reformation, couterreformation and papal reform in the sixteenth century -- Settlements : the Holy Roman Empire -- Settlements : the Netherlands -- Settlements : France -- Settlements : the British -- Settlements : Spain's national Catholicism -- Settlements : Scandinavia -- Reformation and counterreformation in east central Europe -- New patterns of Christian life -- The great witch-hunt -- Confessional Europe -- The coinages of Renaissance Europe, ca. 1500.
526 ## - NOTA DE INFORMACIÓN SOBRE EL PROGRAMA DE ESTUDIO
Nombre del programa Doctorado En Educación Con Mención En Currículo Y Docencia (A Distancia)
526 ## - NOTA DE INFORMACIÓN SOBRE EL PROGRAMA DE ESTUDIO
Nombre del programa Doctorado En Educación Con Mención En Currículo Y Docencia (Semipresencial)
526 ## - NOTA DE INFORMACIÓN SOBRE EL PROGRAMA DE ESTUDIO
Nombre del programa Doctorado En Educación Con Mención En Gestión Educativa (A Distancia)
526 ## - NOTA DE INFORMACIÓN SOBRE EL PROGRAMA DE ESTUDIO
Nombre del programa Doctorado En Educación Con Mención En Gestión Educativa (Semipresencial)
526 ## - NOTA DE INFORMACIÓN SOBRE EL PROGRAMA DE ESTUDIO
Nombre del programa Derecho semipresencial
526 ## - NOTA DE INFORMACIÓN SOBRE EL PROGRAMA DE ESTUDIO
Nombre del programa Derecho presencial
526 ## - NOTA DE INFORMACIÓN SOBRE EL PROGRAMA DE ESTUDIO
Nombre del programa Maestría en teología histórica
526 ## - NOTA DE INFORMACIÓN SOBRE EL PROGRAMA DE ESTUDIO
Nombre del programa Teología
526 ## - NOTA DE INFORMACIÓN SOBRE EL PROGRAMA DE ESTUDIO
Nombre del programa Educación primaria
526 ## - NOTA DE INFORMACIÓN SOBRE EL PROGRAMA DE ESTUDIO
Nombre del programa Educación secundaria, especialidad lingüística e inglés
526 ## - NOTA DE INFORMACIÓN SOBRE EL PROGRAMA DE ESTUDIO
Nombre del programa Educación secundaria, especialidad ambiental, biología y química
526 ## - NOTA DE INFORMACIÓN SOBRE EL PROGRAMA DE ESTUDIO
Nombre del programa Arquitectura
596 ## -
-- 1
651 #4 - PUNTO DE ACCESO ADICIONAL DE MATERIA--NOMBRE GEOGRÁFICO
Nombre geográfico Europa
Subdivisión general Historia
Subdivisión cronológica Siglo XV.
651 #4 - PUNTO DE ACCESO ADICIONAL DE MATERIA--NOMBRE GEOGRÁFICO
Nombre geográfico Europa
Subdivisión general Historia
Subdivisión cronológica 1492-1648.
650 14 - PUNTO DE ACCESO ADICIONAL DE MATERIA--TÉRMINO DE MATERIA
Término de materia o nombre geográfico como elemento de entrada Reforma
Subdivisión geográfica Europa.
700 1# - ENTRADA AGREGADA--NOMBRE PERSONAL
Nombre de persona Brady, Thomas A.,
Término indicativo de función/relación editor.
700 1# - ENTRADA AGREGADA--NOMBRE PERSONAL
Nombre de persona Oberman, Heiko Augustinus,
Término indicativo de función/relación editor
700 1# - ENTRADA AGREGADA--NOMBRE PERSONAL
Nombre de persona Tracy, James D.,
Término indicativo de función/relación editor.
910 ## - DATOS DE OPCIÓN DEL USUARIO (OCLC)
Datos de opción del usuario dbm
-- ksl
-- ksl
-- 20180308
942 ## - ELEMENTOS DE ENTRADA SECUNDARIOS (KOHA)
Fuente del sistema de clasificación o colocación Clasificación Decimal Dewey
Tipo de ítem Koha
949 ## - PROCESAMIENTO DE INFORMACIÓN LOCAL (OCLC)
a 940.2 H2
w DEWEY
c 1
i 78144
l CCODEBUL1
m BUL
p 45.70
r 0
s Y
t BOOK
u 2021-7-15
x Teología
z Teología
0 Donación
o STAFF Colección General
949 ## - PROCESAMIENTO DE INFORMACIÓN LOCAL (OCLC)
a 940.2 H2 e2
w DEWEY
c 1
i 70923
l CCODEBUL1
m BUL
p 45.70
r 0
s Y
t BOOK
u 2021-7-15
x Teología
z Teología
0 Donación
o STAFF Colección General
994 ## -
-- C0
-- PEPRU
999 ## - NÚMEROS DE CONTROL DE SISTEMA (KOHA)
-- DEWEY
-- 78144
-- 2021-11-11
-- 4
-- CCODEBUL1
-- BUL
-- 45.70
-- 0
-- Y
-- BOOK
-- 2018-3-8
-- TEOLOGIA
-- P35
-- COMPRA
-- .STAFF. Colección Teología
999 ## - NÚMEROS DE CONTROL DE SISTEMA (KOHA)
-- DEWEY
-- 70923
-- 2022-6-10
-- 1
-- CCODEBUL1
-- BUL
-- 45.70
-- 0
-- Y
-- BOOK
-- 2022-6-9
-- TEOLOGIA
-- P35
-- COMPRA
980 ## - EQUIVALENCIA O REFERENCIA-CRUZADA-MENCIÓN DE SERIE--NOMBRE DE PERSONA/TÍTULO [LOCAL, CANADÁ]
ID del último usuario que modificó el registro 1
Nombre del último usuario que modificó el registro ALBERTO SANCHEZ Responsable de Automatización
Existencias
Visto por última vez Número de inventario Total de préstamos Signatura topográfica completa Código de barras Copia número Coste, precio de reemplazo Fecha de reemplazo Facultad Tipo de ítem Koha Nota pública Estado de pérdida Fuente del sistema de clasificación o colocación Restricciones de uso No para préstamo Colección Programa académico Biblioteca de origen Biblioteca actual Ubicación en estantería Fecha de adquisición Fuente de adquisición Coste, precio normal de compra
2025-12-03 5   940.2 H2 78144 e1 50.70 2018-03-08   Libros físicos inventario-2023-12-13 No Perdido Clasificación Decimal Dewey No restringido Disponible para préstamos Colección General Teología Biblioteca CRAI UPeU Lima Biblioteca CRAI UPeU Lima Sala principal 2018-03-08 COMPRA 45.70
2025-12-03 2   940.2 H2 70923 e2 50.70 2022-06-09   Libros físicos inventario-2023-12-13 No Perdido Clasificación Decimal Dewey No restringido Disponible para préstamos Colección General Teología Biblioteca CRAI UPeU Lima Biblioteca CRAI UPeU Lima Sala principal 2022-06-09 COMPRA 45.70